Κατάλογος Βιβλιοθηκών Mediterranean College

Prolog / Programming for Artificial Intelligence (Record no. 1443)

MARC details
000 -LEADER
fixed length control field 01207cam a22002054a 4500
005 - ΗΜΕΡΟΜΗΝΙΑ ΚΑΙ ΩΡΑ ΤΕΛΕΥΤΑΙΑΣ ΕΝΗΜΕΡΩΣΗΣ
Πεδίο ελέγχου 20250605164009.0
008 - FIXED-LENGTH DATA ELEMENTS--GENERAL INFORMATION
Πεδίο ελέγχου σταθερού μήκους 250528s ||||||||||||||||||||||||d
035 ## - SYSTEM CONTROL NUMBER
System control number 15895
020 ## - ISBN
ISBN 201403757
040 ## - ΠΗΓΗ ΚΑΤΑΛΟΓΟΓΡΑΦΗΣΗΣ
Φορέας πρωτότυπης καταλογογράφησης MC Athens Campus Library
Γλώσσα καταλογογράφησης Ελληνικά, Μοντέρνα (1453-)
Modifying agency MC Athens Campus Library
Κανόνες περιγραφικής καταλογογράφησης AACR2
245 1# - ΤΙΤΛΟΣ ΚΑΙ ΔΗΛΩΣΗ ΥΠΕΥΘΥΝΟΤΗΤΑΣ
Τίτλος Prolog / Programming for Artificial Intelligence
250 ## - EDITION STATEMENT
Edition statement 3rd
260 ## - PUBLICATION, DISTRIBUTION, ETC.
Name of publisher, distributor, etc. Addison-Wesley Publishing Company,
Date of publication, distribution, etc. 2001
300 ## - PHYSICAL DESCRIPTION
Extent 680
520 ## - SUMMARY, ETC.
Summary, etc. This book concentrates on the art of using the basic mechanisms of Prolog to solve interesting problems. Foreword, Preface, The Prolog Language, Introduction to Prolog, Syntax and Meaning of Prolog Programs, Lists and Operators and Arithmetic, Using Structures: Example Programs, Controlling Backtracking, Input and Output, More Built-in Predicates, Programming Style and Technique, Operations on Data Structures, Advanced Tree Representations, Prolog in Artificial Intelligence, Basic Problem-Solving Strategies, Best-First Heuristic Search, Problem Decomposition and AND/ OR Graphs, An Expert System Shell, Planning, Machine Learning, Qualitative Reasoning, Game Playing, Meta-Programming, Index.
700 1# - ΠΡΟΣΘΕΤΗ ΑΝΑΓΡΑΦΗ--ΦΥΣΙΚΟ ΠΡΟΣΩΠΟ
Personal name Bratko Ivan
9 (RLIN) 1857
942 ## - ADDED ENTRY ELEMENTS (KOHA)
Koha item type Books
Holdings
Τύπος τεκμηρίου Βιβλιοθήκη Τρέχουσα τοποθεσία Barcode Αριθμός εισαγωγής Ημερομηνία απόκτησης Ταξιθετικό σύμβολο Αριθμός αντιτύπου Κατάσταση απόσυρσης Κατάσταση χαμένου Κατάσταση κατεστραμμένου Μη δανεισμός Σύνολο δανεισμών Ημερομηνία τελευταίας εμφάνισης Η τιμή ισχύει από
Books MC Athens Campus Library MC Athens Campus Library 9780000014429 2508 05/06/2025 006.3 BRA 1           05/06/2025 05/06/2025

MC Athens Campus Library
Πατησίων 94 & Κοδριγκτώνος 13, 104 34
Πελλήνης 8 & Πατησίων 107, 112 51
Τ: +30 210 8899600

MC Thessaloniki Campus Library
Ίωνος Δραγούμη 21, 54625 | Ίωνος Δραγούμη 15, 54625
Τ: +30 2310 287779 – Τ: +30 2314 440300